000 01172cab a2200265 4500
001 ABS67365
008 040106n2003 000 0 eng u
035 _a(Sirsi) u124724
100 _aPointing, J.
245 _aSurvey the facts of each case
260 _c2003
490 _aEstates Gazette
_v(0350) 13 December 2003. 88-89(2)
520 _aConsiders the nature of surveyors' negligence in comparison with other forms of professional negligence and examines the concepts of duty of care and professional negligence. Asks whether surveyors are not overprotected, given their traditional margin of error and established protection against negligence actions. Cites leading cases.
590 _aABS
650 _aSINGER AND FRIEDLANDER LTD V JOHN D WOOD AND CO
650 _aPROFESSIONAL NEGLIGENCE
650 _aDUTY OF CARE
650 _aGREAVES AND CO V BAYNHAM MEIKLE AND PARTNERS
650 _aCAPITAL AND COUNTIES PLC V HAMPSHIRE CC
650 _aECKERSLEY AND PARTNERS V BINNEY AND OTHERS
650 _aLLOYDS TSB BANK PLC V EDWARD SYMMONS AND PARTNERS
650 _aFARLEY V SKINNER
690 _aPROFESSIONAL PRACTICE-NEGLIGENCE
942 _n0
999 _c74022
_d74022